[Event "Nebug Rating op"]
[Site "Nebug"]
[Date "2013.03.25"]
[Round "4"]
[White "Tletseri, Marziet"]
[Black "Kulikova, Ekaterina"]
[Result "0-1"]
[WhiteElo "1881"]
[BlackElo "1906"]
[PlyCount "76"]
[EventDate "2013.03.22"]
[EventType "swiss"]
[EventRounds "9"]
[EventCountry "RUS"]
[SourceTitle "EXT 2015"]
[Source "ChessBase"]
[SourceDate "2014.11.20"]
[SourceVersion "1"]
[SourceVersionDate "2014.11.20"]
[SourceQuality "1"]

1. f4 e5 2. e4 d5 3. exd5 exf4 4. Bc4 Qh4+ 5. Kf1 Bd6 6. Nf3 Qh5 7. d4 Ne7 8. Nc3 0-0 9. Nb5 Nxd5 10. Nxd6 cxd6 11. Bxd5 Qxd5 12. Bxf4 Bg4 13. c3 Nd7 14. h3 Bh5 15. Kf2 Rfe8 16. Re1 Nf6 17. Qc1 Rxe1 18. Nxe1 Re8 19. Nf3 Bxf3 20. gxf3 Qf5 21. h4 d5 22. Qd2 Re4 23. Bg3 Rxh4 24. Kg2 Qh3+ 25. Kf2 Rg4 26. Rg1 h5 27. Qe3 h4 28. Bf4 Rxg1 29. Kxg1 Qf5 30. a3 Nh5 31. Bg5 Qb1+ 32. Qc1 Qg6 33. Kf2 h3 34. f4 f6 35. Qh1 fxg5 36. Qxd5+ Kh7 37. fxg5 h2 38. Kg2 Nf4+ 0-1

[Event "Nebug Rating op"]
[Site "Nebug"]
[Date "2013.03.23"]
[Round "2"]
[White "Sarian, Ashot"]
[Black "Kulikova, Ekaterina"]
[Result "0-1"]
[WhiteElo "1751"]
[BlackElo "1906"]
[PlyCount "78"]
[EventDate "2013.03.22"]
[EventType "swiss"]
[EventRounds "9"]
[EventCountry "RUS"]
[SourceTitle "EXT 2015"]
[Source "ChessBase"]
[SourceDate "2014.11.20"]
[SourceVersion "1"]
[SourceVersionDate "2014.11.20"]
[SourceQuality "1"]

1. e4 e5 2. Nf3 Nc6 3. d4 exd4 4. Bc4 Nf6 5. e5 Ng4 6. 0-0 d6 7. Bxf7+ Kxf7 8. e6+ Kg8 9. Ng5 Nh6 10. f4 Qf6 11. f5 Nxf5 12. Qe2 h6 13. g4 hxg5 14. Rxf5 Qxe6 15. Qf2 Be7 16. Na3 Qe4 17. Rf3 Bxg4 18. Rg3 Rf8 19. Qd2 Ne5 20. b3 Nf3+ 21. Rxf3 Qxf3 22. Bb2 Qe3+ 23. Qxe3 dxe3 24. Nc4 e2 25. Bc3 Rf1+ 26. Rxf1 exf1Q+ 27. Kxf1 Rxh2 28. Ne3 Be2+ 29. Kg1 Rh3 30. Kf2 Bb5 31. Bd2 Rh2+ 32. Ke1 g4 33. c4 Bh4+ 34. Kd1 Bc6 35. Kc1 Bg5 36. Nf1 Bxd2+ 37. Nxd2 g3 38. Nf1 g2 39. Nxh2 g1Q+ 0-1

[Event "Yuzhny FO-ch op (Women)"]
[Site "Astrakhan"]
[Date "2013.03.09"]
[Round "8"]
[White "Kulikova, Ekaterina"]
[Black "Baraeva, Irina"]
[Result "0-1"]
[WhiteElo "1906"]
[BlackElo "2187"]
[PlyCount "54"]
[EventDate "2013.03.02"]
[EventType "swiss"]
[EventRounds "9"]
[EventCountry "RUS"]
[SourceTitle "EXT 2014"]
[Source "ChessBase"]
[SourceDate "2013.11.20"]
[SourceVersion "1"]
[SourceVersionDate "2013.11.20"]
[SourceQuality "1"]

1. d4 d5 2. c4 c6 3. cxd5 cxd5 4. Nc3 Nc6 5. Nf3 Nf6 6. Bf4 e6 7. e3 a6 8. Rc1 Be7 9. Bd3 0-0 10. 0-0 Bd7 11. Ne5 Rc8 12. Qf3 Na5 13. Qh3 Nc4 14. Bg5 g6 15. b3 Nxe5 16. dxe5 Nh5 17. Bxe7 Qxe7 18. Be2 Ng7 19. Rfd1 Bc6 20. Bd3 Rfd8 21. Ne2 Qc7 22. Qg3 Qa5 23. Bb1 Bb5 24. Rxc8 Rxc8 25. Nd4 Qd2 26. Qf3 Rc1 27. Bc2 Qe1+ 0-1

[Event "Yuzhny FO-ch op (Women)"]
[Site "Astrakhan"]
[Date "2013.03.08"]
[Round "7"]
[White "Kvasova, Nika"]
[Black "Kulikova, Ekaterina"]
[Result "0-1"]
[WhiteElo "1892"]
[BlackElo "1906"]
[PlyCount "126"]
[EventDate "2013.03.02"]
[EventType "swiss"]
[EventRounds "9"]
[EventCountry "RUS"]
[SourceTitle "EXT 2014"]
[Source "ChessBase"]
[SourceDate "2013.11.20"]
[SourceVersion "1"]
[SourceVersionDate "2013.11.20"]
[SourceQuality "1"]

1. c4 Nf6 2. Nc3 c5 3. e3 e6 4. d4 d5 5. Nf3 Nc6 6. Be2 Be7 7. 0-0 cxd4 8. exd4 0-0 9. cxd5 Nxd5 10. Nxd5 Qxd5 11. Be3 Bf6 12. Qd2 Rd8 13. Rfd1 b6 14. Rac1 Bb7 15. b3 Rd7 16. Bc4 Qa5 17. Qxa5 Nxa5 18. Bb5 Rd5 19. Bc4 Rd6 20. Rd2 Rad8 21. Rcd1 Bxf3 22. gxf3 Nc6 23. d5 Ne5 24. Kg2 exd5 25. Bxd5 Kf8 26. a4 Ke7 27. a5 Ng6 28. Rd3 Ne5 29. R3d2 Ng6 30. b4 Bc3 31. Rc2 Bxb4 32. Rc7+ R8d7 33. Rxd7+ Kxd7 34. axb6 axb6 35. Rb1 Rxd5 36. Rxb4 b5 37. f4 Nh4+ 38. Kg3 Nf5+ 39. Kf3 Kc6 40. Ba7 g6 41. Rb1 Rd3+ 42. Ke4 Rh3 43. Rc1+ Kb7 44. Be3 Nxe3 45. fxe3 Rxh2 46. Kd5 Rb2 47. Kc5 h5 48. e4 b4 49. f5 b3 50. Kb4 Rc2 51. Rb1 b2 52. Kb3 Re2 53. fxg6 fxg6 54. Rg1 Rxe4 55. Kxb2 Re6 56. Kc3 Rd6 57. Kc4 Kc6 58. Rg2 Kd7 59. Kc5 Ke7 60. Rg1 Re6 61. Kd5 Kf7 62. Rf1+ Rf6 63. Ra1 g5 0-1

[Event "Doroshkevich Memorial op"]
[Site "Sochi"]
[Date "2012.12.02"]
[Round "7"]
[White "Kulikova, Ekaterina"]
[Black "Kryzhanovskiy, Mikhail"]
[Result "1-0"]
[WhiteElo "1908"]
[BlackElo "2040"]
[PlyCount "81"]
[EventDate "2012.11.26"]
[EventType "swiss"]
[EventRounds "9"]
[EventCountry "RUS"]
[SourceTitle "EXT 2014"]
[Source "ChessBase"]
[SourceDate "2013.11.20"]
[SourceVersion "1"]
[SourceVersionDate "2013.11.20"]
[SourceQuality "1"]

1. d4 e6 2. c4 Nf6 3. Nf3 d5 4. Nc3 c6 5. Bg5 Be7 6. e3 Nbd7 7. cxd5 Nxd5 8. Bxe7 Qxe7 9. Bd3 0-0 10. 0-0 b6 11. Nxd5 exd5 12. Qc2 Bb7 13. Bxh7+ Kh8 14. Bd3 c5 15. b3 g6 16. Rac1 Rae8 17. Qc3 Kh7 18. h4 Rh8 19. g3 Kg8 20. Kg2 Qf6 21. Be2 Re4 22. Ng5 Qf5 23. Nxe4 dxe4 24. Rcd1 g5 25. Rh1 gxh4 26. Rxh4 Rxh4 27. gxh4 Qf6 28. Rh1 Nf8 29. Qc4 Ne6 30. dxc5 Qg7+ 31. Kh2 Qe5+ 32. Kh3 Qf5+ 33. Kg2 Nxc5 34. Kf1 Kh7 35. Qd4 Ne6 36. Qd6 Bd5 37. Rg1 Bb7 38. Qb8 Bd5 39. Qg8+ Kh6 40. Qh8+ Qh7 41. Qf6+ 1-0

[Event "Doroshkevich Memorial op"]
[Site "Sochi"]
[Date "2012.11.29"]
[Round "4"]
[White "Demidov, Vladislav"]
[Black "Kulikova, Ekaterina"]
[Result "1-0"]
[WhiteElo "2061"]
[BlackElo "1908"]
[PlyCount "154"]
[EventDate "2012.11.26"]
[EventType "swiss"]
[EventRounds "9"]
[EventCountry "RUS"]
[SourceTitle "EXT 2014"]
[Source "ChessBase"]
[SourceDate "2013.11.20"]
[SourceVersion "1"]
[SourceVersionDate "2013.11.20"]
[SourceQuality "1"]

1. d4 d5 2. Bf4 Nf6 3. e3 c5 4. c3 Nc6 5. Nd2 Bf5 6. Qb3 Qc8 7. Ngf3 e6 8. Be2 Be7 9. Ne5 cxd4 10. exd4 Nxe5 11. Bxe5 0-0 12. g4 Nxg4 13. Bxg4 Bxg4 14. Rg1 f6 15. Rxg4 fxe5 16. dxe5 Qc5 17. 0-0-0 Rxf2 18. Qxb7 Rd8 19. Kb1 Rf7 20. Qa6 Qb6 21. Qd3 Rb8 22. Nb3 a5 23. Rd2 Rbf8 24. Qg3 Qb5 25. Nd4 Qf1+ 26. Kc2 Bc5 27. Qd3 Qxd3+ 28. Kxd3 Bxd4 29. Kxd4 Rc8 30. b3 Rf3 31. Rc2 a4 32. Rg3 Rf4+ 33. Kd3 axb3 34. axb3 Rb8 35. b4 Re4 36. Re3 Rc4 37. Ra2 Rbc8 38. Ra3 g5 39. Rf3 Re4 40. Ra7 Rf4 41. Rg3 g4 42. Re7 Rc6 43. Rb7 h5 44. b5 Rc5 45. b6 Rb5 46. h3 Rb3 47. Kc2 Rb5 48. hxg4 hxg4 49. Rg1 Rf2+ 50. Kd3 Rf3+ 51. Kd4 g3 52. Rg2 Rb3 53. Ra2 Rf7 54. Rxf7 Kxf7 55. Rg2 Rxb6 56. Kc5 Ra6 57. Rxg3 Ra5+ 58. Kb4 Ra1 59. Rf3+ Ke7 60. Rh3 Re1 61. Rh7+ Kf8 62. Rh5 Kf7 63. Rg5 Re4+ 64. Kc5 Rc4+ 65. Kd6 Rxc3 66. Rg1 Rf3 67. Ra1 d4 68. Ra7+ Kf8 69. Kxe6 d3 70. Rd7 Ke8 71. Ra7 Kf8 72. Ra8+ Kg7 73. Rd8 Re3 74. Rd5 Kf8 75. Rd8+ Kg7 76. Rd5 Kf8 77. Kd6 Kf7 1-0

[Event "Doroshkevich Memorial op"]
[Site "Sochi"]
[Date "2012.11.27"]
[Round "2"]
[White "Barsegian, Ararat"]
[Black "Kulikova, Ekaterina"]
[Result "1-0"]
[WhiteElo "2163"]
[BlackElo "1908"]
[PlyCount "93"]
[EventDate "2012.11.26"]
[EventType "swiss"]
[EventRounds "9"]
[EventCountry "RUS"]
[SourceTitle "EXT 2014"]
[Source "ChessBase"]
[SourceDate "2013.11.20"]
[SourceVersion "1"]
[SourceVersionDate "2013.11.20"]
[SourceQuality "1"]

1. e4 c6 2. d4 d5 3. Nc3 dxe4 4. Nxe4 Nf6 5. Nxf6+ exf6 6. Bc4 Bd6 7. Qe2+ Qe7 8. Qxe7+ Kxe7 9. Ne2 Be6 10. Bd3 c5 11. Be3 cxd4 12. Nxd4 g6 13. Nb5 Nc6 14. Nxd6 Kxd6 15. 0-0-0 Kc7 16. Bf4+ Kb6 17. a3 Rac8 18. Rhe1 a6 19. b4 Rhe8 20. Kb2 Ne7 21. c4 Rcd8 22. a4 h5 23. Be3+ Kc7 24. a5 Kb8 25. Bc5 Nc6 26. f4 Bg4 27. Rxe8 Rxe8 28. Rd2 Be6 29. Kc3 Rc8 30. Bf1 Re8 31. g3 Kc8 32. Bb6 Ne7 33. Bg2 Nf5 34. b5 axb5 35. cxb5 Kb8 36. a6 Bc8 37. a7+ Ka8 38. Bf2 Ne3 39. Bf3 Nf1 40. Rd6 Nxh2 41. Bd5 Be6 42. Bh1 Ng4 43. Bc5 Rc8 44. Kb4 g5 45. Bd4 gxf4 46. gxf4 h4 47. Ka5 1-0

[Event "Sochi op"]
[Site "Sochi"]
[Date "2011.06.22"]
[Round "6"]
[White "Shishkov, Ivan"]
[Black "Kulikova, Ekaterina"]
[Result "1/2-1/2"]
[WhiteElo "1881"]
[BlackElo "1858"]
[PlyCount "107"]
[EventDate "2011.06.17"]
[EventType "swiss"]
[EventRounds "9"]
[EventCountry "RUS"]
[SourceTitle "EXT 2012"]
[Source "ChessBase"]
[SourceDate "2011.11.24"]
[SourceVersion "1"]
[SourceVersionDate "2011.11.24"]
[SourceQuality "1"]

1. d4 d5 2. Nf3 Nf6 3. g3 Bf5 4. Bg2 h6 5. c4 e6 6. 0-0 c6 7. Nc3 Nbd7 8. b3 Be7 9. Bb2 0-0 10. Nd2 Qb6 11. h3 Rfd8 12. Re1 a5 13. Qc1 Bb4 14. a3 Be7 15. c5 Qc7 16. b4 axb4 17. axb4 e5 18. e3 e4 19. Qc2 b5 20. Nb3 Nf8 21. Rxa8 Rxa8 22. Ra1 Rxa1+ 23. Bxa1 Qc8 24. Kh2 N6h7 25. Qa2 Ng5 26. h4 Ngh7 27. Qa7 Bf6 28. Na5 Bd7 29. Qb7 Qe8 30. Nxd5 cxd5 31. Qxd5 g5 32. Qxe4 Qb8 33. Qb7 Qe8 34. c6 Bc8 35. Qxb5 gxh4 36. Qd5 hxg3+ 37. Kxg3 Bd8 38. Qe5 Qxe5+ 39. dxe5 Ne6 40. Nb3 Ba6 41. Nd4 Nhf8 42. Bd5 Bc7 43. f4 Kg7 44. Nxe6+ Nxe6 45. f5 Nd8 46. Kg4 Kf8 47. Kh5 Bb5 48. Kxh6 Bxc6 49. Bxc6 Nxc6 50. e6 fxe6 51. fxe6 Ke7 52. Bd4 Kxe6 53. b5 Nxd4 54. exd4 1/2-1/2

[Event "Anapa Zarembo Memorial"]
[Site "Anapa"]
[Date "2011.06.14"]
[Round "9"]
[White "Kulikova, Ekaterina"]
[Black "Konovalov, Eduard"]
[Result "0-1"]
[WhiteElo "1858"]
[BlackElo "2006"]
[PlyCount "128"]
[EventDate "2011.06.03"]
[EventType "tourn"]
[EventRounds "9"]
[EventCountry "RUS"]
[SourceTitle "EXT 2012"]
[Source "ChessBase"]
[SourceDate "2011.11.24"]
[SourceVersion "1"]
[SourceVersionDate "2011.11.24"]
[SourceQuality "1"]

1. d4 d6 2. c4 Nd7 3. e4 e5 4. Nf3 Ngf6 5. Nc3 g6 6. Be2 Bg7 7. Be3 exd4 8. Nxd4 0-0 9. 0-0 Re8 10. f3 c6 11. Qd2 d5 12. cxd5 cxd5 13. Ndb5 Nb6 14. Rad1 a6 15. Na3 Be6 16. Kh1 Nc4 17. Bxc4 dxc4 18. Qe2 Qc7 19. Nc2 b5 20. Nd4 Bd7 21. Bf2 b4 22. Nb1 Rac8 23. Rc1 Bb5 24. a3 b3 25. Nc3 Qb7 26. Rfd1 Bd7 27. Rd2 Be6 28. Rcd1 Qc7 29. Bg3 Qb7 30. Bf2 Qc7 31. Bg3 Qe7 32. Nxe6 Qxe6 33. Rd6 Qe7 34. Rxa6 Nh5 35. Be1 Nf4 36. Qe3 Nd3 37. Rb1 Red8 38. Ra7 Qe6 39. Qe2 Rc6 40. Qf1 h5 41. Nd5 Rxd5 42. exd5 Qxd5 43. Bc3 Bxc3 44. bxc3 Qe5 45. h3 Qxc3 46. Re7 b2 47. Re8+ Kg7 48. Qg1 Qc1 49. Re2 Qxg1+ 50. Kxg1 c3 51. Rc2 Kf6 52. Rd1 Nc1 53. Rcxc1 bxc1Q 54. Rxc1 Ke5 55. Kf2 Kd4 56. Ke2 Kc4 57. Kd1 Rd6+ 58. Kc2 Rd2+ 59. Kb1 Kb3 60. Re1 Rb2+ 61. Kc1 Ra2 62. Kb1 c2+ 63. Kc1 Ra1+ 64. Kd2 Rxe1 0-1

[Event "Anapa Zarembo Memorial"]
[Site "Anapa"]
[Date "2011.06.06"]
[Round "3"]
[White "Chapliev, Aleksandr"]
[Black "Kulikova, Ekaterina"]
[Result "1-0"]
[WhiteElo "2300"]
[BlackElo "1858"]
[PlyCount "79"]
[EventDate "2011.06.03"]
[EventType "tourn"]
[EventRounds "9"]
[EventCountry "RUS"]
[SourceTitle "EXT 2012"]
[Source "ChessBase"]
[SourceDate "2011.11.24"]
[SourceVersion "1"]
[SourceVersionDate "2011.11.24"]
[SourceQuality "1"]

1. d4 d5 2. c4 c6 3. Nf3 Nf6 4. g3 a6 5. Bg2 dxc4 6. 0-0 b5 7. a4 Bb7 8. Ne5 Qb6 9. Nc3 e6 10. e4 Be7 11. d5 b4 12. d6 bxc3 13. dxe7 Kxe7 14. bxc3 Rd8 15. Ba3+ c5 16. Nxc4 Qc7 17. Qe2 Nbd7 18. e5 Nd5 19. Qh5 g6 20. Qh4+ Kf8 21. Nd6 Rab8 22. f4 Kg8 23. Nxb7 Rxb7 24. c4 N7b6 25. cxd5 exd5 26. e6 fxe6 27. Qf6 Re8 28. Bh3 Qf7 29. Qxf7+ Kxf7 30. Bxc5 Nd7 31. Ba3 Reb8 32. Bd6 Re8 33. Rfb1 Ra7 34. Ra3 Nf6 35. Rab3 Ne4 36. Rb7+ Rxb7 37. Rxb7+ Kg8 38. Be5 Nc5 39. Rg7+ Kf8 40. Rxh7 1-0

[Event "Krasnodar Region-ch (Women)"]
[Site "Krasnodar"]
[Date "2010.10.21"]
[Round "6"]
[White "Kulikova, Ekaterina"]
[Black "Karapetian, Armine"]
[Result "0-1"]
[WhiteElo "1828"]
[BlackElo "2110"]
[PlyCount "68"]
[EventDate "2010.10.16"]
[EventType "swiss"]
[EventRounds "9"]
[EventCountry "RUS"]
[SourceTitle "EXT 2022"]
[Source "ChessBase"]
[SourceDate "2021.10.06"]
[SourceVersion "1"]
[SourceVersionDate "2021.10.06"]
[SourceQuality "1"]

1. d4 d5 2. c4 c6 3. Nc3 Nf6 4. Nf3 e6 5. e3 Nbd7 6. Bd3 dxc4 7. Bxc4 b5 8. Bd3 a6 9. Ne4 Bb7 10. Qc2 Qb6 11. 0-0 Nxe4 12. Bxe4 Nf6 13. Bd3 c5 14. dxc5 Bxc5 15. Ng5 Rc8 16. a4 h6 17. Nf3 Nd5 18. Qb3 Nb4 19. Be2 Bd5 20. Qc3 0-0 21. Bd2 Rfd8 22. Rfd1 Nc6 23. axb5 Bb4 24. Rxa6 Qb8 25. Qc2 Nd4 26. Qa4 Nxe2+ 27. Kf1 Bxf3 28. Qxb4 Qxh2 29. gxf3 Nc1 30. Qg4 Rc2 31. Rc6 Rcxd2 32. Rxd2 Rxd2 33. Rc8+ Kh7 34. Qe4+ f5 0-1

[Event "Anapa op-B"]
[Site "Anapa"]
[Date "2010.09.07"]
[Round "6"]
[White "Kulikova, Ekaterina"]
[Black "Krikunov, Valery"]
[Result "0-1"]
[WhiteElo "1804"]
[BlackElo "2081"]
[PlyCount "120"]
[EventDate "2010.08.31"]
[EventType "swiss"]
[EventRounds "9"]
[EventCountry "RUS"]
[SourceTitle "EXT 2013"]
[Source "ChessBase"]
[SourceDate "2012.11.22"]
[SourceVersion "1"]
[SourceVersionDate "2012.11.22"]
[SourceQuality "1"]

1. d4 Nc6 2. c4 e5 3. d5 Nce7 4. e4 d6 5. Nc3 f5 6. Bd3 f4 7. g3 Ng6 8. gxf4 exf4 9. Nge2 Bg4 10. Qb3 Ne5 11. Bc2 g5 12. Qxb7 Nf3+ 13. Kd1 a6 14. Ba4+ Kf7 15. Bc6 Rb8 16. Qxa6 Bg7 17. Kc2 Nd4+ 18. Nxd4 Bxd4 19. h4 h6 20. hxg5 hxg5 21. Rxh8 Bxh8 22. Nb5 Qe7 23. Qa7 Qxe4+ 24. Kb3 Bd1+ 25. Kb4 Qe1+ 26. Ka3 Rxb5 27. Bxb5 Bd4 28. Qxc7+ Ne7 29. Be3 fxe3 30. Rxd1 Qxd1 31. Qxd6 Qd3+ 32. b3 exf2 33. Qe6+ Kf8 34. Qh6+ Bg7 35. Qh5 Qg6 36. Qh2 Bd4 37. d6 Bc5+ 38. Ka4 Qxd6 39. Qh8+ Ng8 40. Qh3 Qe7 41. Qf5+ Kg7 42. Bd7 Qf6 43. Qxf6+ Nxf6 44. Bh3 g4 45. Bg2 Ne4 46. b4 Ba7 47. c5 Nd2 48. c6 Bb6 49. Kb5 Bc7 50. a4 f1R 51. Bxf1 Nxf1 52. a5 g3 53. a6 g2 54. a7 g1Q 55. a8Q Ne3 56. Qc8 Qf1+ 57. Ka4 Qd1+ 58. Kb5 Qd5+ 59. Ka4 Qxc6+ 60. Kb3 Qc2+ 0-1

[Event "Krasnodar 11"]
[Site "Krasnodar"]
[Date "2009.09.21"]
[Round "9"]
[White "Kulikova, Ekaterina"]
[Black "Chigrinova, Marina"]
[Result "1-0"]
[WhiteElo "1876"]
[BlackElo "1858"]
[PlyCount "107"]
[EventDate "2009.09.12"]
[EventType "tourn"]
[EventRounds "9"]
[EventCountry "RUS"]
[SourceTitle "EXT 2012"]
[Source "ChessBase"]
[SourceDate "2011.11.24"]
[SourceVersion "1"]
[SourceVersionDate "2011.11.24"]
[SourceQuality "1"]

1. d4 Nf6 2. c4 e6 3. Nf3 b6 4. a3 Bb7 5. Nc3 d5 6. cxd5 Nxd5 7. Bg5 Be7 8. Bxe7 Qxe7 9. e3 Nd7 10. Bd3 N7f6 11. Qc2 0-0 12. Nxd5 exd5 13. 0-0 h6 14. b4 Rac8 15. Bf5 Ra8 16. Rfc1 Ne8 17. Ne5 Rd8 18. Bh7+ Kh8 19. Bg6 Kg8 20. Bh7+ Kh8 21. Bd3 Rc8 22. Bf5 Rd8 23. Bg6 Kg8 24. Bd3 Rc8 25. Qa4 Nd6 26. Ba6 Qe8 27. Qxe8 Rfxe8 28. Bxb7 Nxb7 29. Nc6 a6 30. Rc2 f6 31. Rac1 Ra8 32. a4 Nd6 33. a5 Nc4 34. axb6 cxb6 35. Ra2 Re6 36. b5 a5 37. Nb4 Rd8 38. Nd3 Ra8 39. Nb2 Nxb2 40. Rxb2 Kf7 41. Kf1 f5 42. Rc7+ Kf6 43. Rd7 Rc8 44. g3 g6 45. Rxd5 Ke7 46. Ke2 h5 47. h4 Rc7 48. Kd3 Rc8 49. Rc2 Ra8 50. Rc7+ Ke8 51. Rh7 Rf6 52. Re5+ Kd8 53. Rh8+ Kc7 54. Rxa8 1-0

[Event "Krasnodar 11"]
[Site "Krasnodar"]
[Date "2009.09.12"]
[Round "1"]
[White "Bogachkov, Vladislav"]
[Black "Kulikova, Ekaterina"]
[Result "1-0"]
[WhiteElo "1856"]
[BlackElo "1876"]
[PlyCount "79"]
[EventDate "2009.09.12"]
[EventType "tourn"]
[EventRounds "9"]
[EventCountry "RUS"]
[SourceTitle "EXT 2012"]
[Source "ChessBase"]
[SourceDate "2011.11.24"]
[SourceVersion "1"]
[SourceVersionDate "2011.11.24"]
[SourceQuality "1"]

1. d4 d5 2. c4 c6 3. cxd5 cxd5 4. Nc3 Nf6 5. Bf4 Nc6 6. e3 a6 7. a3 Bg4 8. Nf3 e6 9. Be2 Bd6 10. Bg3 0-0 11. 0-0 Ne4 12. Nd2 Bxe2 13. Qxe2 f5 14. Bxd6 Qxd6 15. f4 Rf6 16. Nf3 Kh8 17. Ne5 Rg8 18. Nxe4 dxe4 19. Nxc6 Qxc6 20. Rac1 Qd6 21. h4 Rff8 22. Rc5 Rc8 23. Rfc1 Rxc5 24. Rxc5 h6 25. g3 Rd8 26. Qc4 Rd7 27. b4 Kg8 28. Rxf5 b5 29. Qb3 Rc7 30. Re5 Re7 31. Qc2 Kf7 32. Qxe4 Rc7 33. Rc5 Rxc5 34. bxc5 Qc7 35. c6 Qa5 36. Qc2 Qc7 37. Kh2 Ke7 38. Qc5+ Kf7 39. Kg2 Ke8 40. d5 1-0

[Event "Anapa (Women)"]
[Site "Anapa"]
[Date "2009.09.03"]
[Round "5"]
[White "Karibaeva, Elvira"]
[Black "Kulikova, Ekaterina"]
[Result "1-0"]
[WhiteElo "2133"]
[BlackElo "1785"]
[PlyCount "61"]
[EventDate "2009.08.30"]
[EventType "tourn"]
[EventRounds "13"]
[EventCountry "RUS"]
[SourceTitle "CBM 132 Extra"]
[Source "ChessBase"]
[SourceDate "2009.11.03"]
[SourceVersion "1"]
[SourceVersionDate "2009.11.03"]
[SourceQuality "1"]

1. c4 c5 2. Nf3 Nf6 3. Nc3 b6 4. g3 Bb7 5. Bg2 e6 6. 0-0 a6 7. b3 Be7 8. Bb2 0-0 9. e3 Qc7 10. Rc1 d6 11. d4 Nbd7 12. Qc2 Rac8 13. Qb1 Qb8 14. Rcd1 Rfd8 15. Rfe1 d5 16. cxd5 Nxd5 17. Nxd5 Bxd5 18. Ba3 Bf8 19. Ng5 g6 20. e4 Bb7 21. Bb2 cxd4 22. Bxd4 Bg7 23. Bxg7 Kxg7 24. Qa1+ Kg8 25. Bh3 Nc5 26. Qf6 Qc7 27. Rxd8+ Rxd8 28. Nxf7 Qxf7 29. Qxd8+ Kg7 30. b4 Na4 31. Rc1 1-0

[Event "Anapa (Women)"]
[Site "Anapa"]
[Date "2009.09.03"]
[Round "6"]
[White "Kulikova, Ekaterina"]
[Black "Baraeva, Marina"]
[Result "0-1"]
[WhiteElo "1785"]
[BlackElo "1983"]
[PlyCount "84"]
[EventDate "2009.08.30"]
[EventType "tourn"]
[EventRounds "13"]
[EventCountry "RUS"]
[SourceTitle "CBM 132 Extra"]
[Source "ChessBase"]
[SourceDate "2009.11.03"]
[SourceVersion "1"]
[SourceVersionDate "2009.11.03"]
[SourceQuality "1"]

1. d4 d5 2. Nf3 Nf6 3. c4 c6 4. Nc3 dxc4 5. e3 Bf5 6. Bxc4 e6 7. 0-0 Nbd7 8. Re1 Nb6 9. Bd3 Bxd3 10. Qxd3 Be7 11. e4 0-0 12. Bg5 h6 13. Bh4 Rc8 14. e5 Nfd5 15. Bxe7 Qxe7 16. Ne4 Rc7 17. Nfd2 Rd8 18. Nb3 Nf4 19. Qd2 Ng6 20. Qa5 Nc4 21. Qc3 Nb6 22. Rac1 Nd5 23. Qg3 Kh8 24. Nd6 Nb6 25. Re3 Nc8 26. Ne4 Nh4 27. Rd3 Nf5 28. Qf4 Nb6 29. a3 Rcd7 30. Ng3 Nd5 31. Qg4 Qh4 32. Qxh4 Nxh4 33. Nc5 Nf4 34. Rd2 Rxd4 35. Rxd4 Rxd4 36. Nxb7 Nhxg2 37. Na5 Nh4 38. Nxc6 Rd2 39. b3 Nh3+ 40. Kf1 Rxf2+ 41. Ke1 Nf3+ 42. Kd1 Rd2# 0-1

[Event "Anapa (Women)"]
[Site "Anapa"]
[Date "2009.09.01"]
[Round "3"]
[White "Khlichkova, Tatiana"]
[Black "Kulikova, Ekaterina"]
[Result "1-0"]
[WhiteElo "1984"]
[BlackElo "1785"]
[PlyCount "47"]
[EventDate "2009.08.30"]
[EventType "tourn"]
[EventRounds "13"]
[EventCountry "RUS"]
[SourceTitle "CBM 132 Extra"]
[Source "ChessBase"]
[SourceDate "2009.11.03"]
[SourceVersion "1"]
[SourceVersionDate "2009.11.03"]
[SourceQuality "1"]

1. d4 d5 2. Nc3 Nf6 3. Bg5 Bf5 4. e3 e6 5. Bd3 Bxd3 6. cxd3 Be7 7. Nf3 Nbd7 8. 0-0 0-0 9. e4 dxe4 10. dxe4 c6 11. Qc2 Rc8 12. Rad1 Qc7 13. e5 Rfe8 14. exf6 Nxf6 15. Ne4 Nxe4 16. Qxe4 Rcd8 17. Rd3 h6 18. Bf4 Qb6 19. Rb3 Qa6 20. a3 Rd7 21. Ne5 Rd5 22. Rg3 Kf8 23. Nxf7 Kxf7 24. Qg6+ 1-0